00671nam a2200241 a 4500001001300000003000900013005001700022008004100039020001000080082001800090100002100108245001600129260003400145300000900179500003500188505001300223650004000236700002100276902000800297942000700305952010000312999001700412nice12345678IN_TiNIC20260116015150.0050524s1910 laha grp 000 0 urd  ac10000a297.1229bINS aInshaullah, Mohd aAal-E-Imran aLahorebHameedia Agencyc1910 a432p aincludes index and biblioraphy2 aAppendix aQuran-Surah Aal-E-Imran-Hermaneutix1 aInshaullah, Mohd bSRS cBK 00104070aHMIbHMId2007-08-07g100.00l0o297.1229 INSp11-192r2007-08-07w2026-01-16yARB c18576d18576